000 00862nam a2200277 a 4500
001 24876
003 BD-RjUL
005 20211209001117.0
008 140315s1961 njua b 001 0 eng d
035 _a(BD-RjUL)24945
040 _aDLC
_cWSU
_dBD-RjUL
_beng
041 _aeng
082 _a944.01
_bEAE 1961
_223
100 1 _aEaston, Stewart C.
_976552
245 1 4 _aThe era of Charlemagne :
_bFrankish state and society /
_cSteward C. Easton and Helene Wieruszowski
260 _aPrinceton, N.J :
_bVan Nostrand,
_c1961.
300 _a192 p. :
_bill. ;
_c19 cm.
490 1 _aAnvil original ;
_v54
504 _aIncludes Index
600 0 0 _aCharlemagne
_cEmperor
_d742-814.
_9193505
651 0 _aFrance
_xHistory
_yTo 987.
_976554
700 1 _aWieruszowski, Helene.
_976556
830 0 _v54
_9193506
830 0 _aAnvil original ;
_9193507
942 _2ddc
_cBK
999 _c24876
_d24876